Stades de La Liga (2025-2026) - Statistiques

Statistiques générales
  • Ce quiz a été pris 69 fois
  • Le résultat moyen est 6 sur 20
Statistiques - réponses
Équipe Stade Ville Capacité % Correct
Real Madrid Santiago Bernabéu Madrid 81 044
100%
FC Barcelone Camp Nou Barcelone 105 000
98%
Athletic Bilbao San Mamés Bilbao 53 289
75%
Atletico Madrid Wanda Metropolitano Madrid 68 456
73%
Villarreal La Ceramica Villareal 24 890
52%
Valence Mestalla Valence 53 000
50%
Séville Ramón Sánchez Pizjuán Séville 43 883
50%
Real Betis Benito-Villamarín Séville 60 721
33%
Rayo Vallecano Vallecas Madrid 14 708
23%
Espanyol RCDE Stadium Barcelone 40 000
15%
Real Sociedad Reale Arena Saint-Sébastien 39 500
15%
Gerone Montilivi Girona 13 500
10%
Celta Vigo Abanca-Balaídos Vigo 29 000
8%
Getafe Alfonso Pérez Getafe 17 393
6%
Osasuna El Sadar Pampelune 23 576
6%
Majorque Son Moix Palma de Majorque 23 142
6%
Levante Ciùtat de Valencia Valence 26 354
2%
Elche Martinez Valero Elche 33 732
2%
Real Oviedo Carlos Tartiere Oviedo 30 500
0%
Deportivo Alavés Mendizorroza Vitoria-Gastéiz 19 840
0%
Aucun quiz correspondant
Distribution des résultats
% des personnes avec chaque résultat
Percentile par nombre de réponses
Votre historique - résultats
Vous n’avez pas pris ce quiz